000
00305nam a22001457a 4500
020
_a
0
041
_a
ENG
100
_a
Patel .R.C
245
_a
Elements of Heat Engines
260
_a
Vadodara
_b
Acharya PUB
_c
1997
300
_a
417
650
_a
EOES
700
_a
Karamchandani .C.J
856
_u
EOES
999
_c
290
_d
290